Democratization in Africa : the theory and dynamics of political transitions (Record no. 250)
[ view plain ]
| 000 -LEADER | |
|---|---|
| fixed length control field | 00615nam a2200169Ia 4500 |
| 008 - FIXED-LENGTH DATA ELEMENTS--GENERAL INFORMATION | |
| fixed length control field | 240428s9999||||xx |||||||||||||| ||und|| |
| 020 ## - INTERNATIONAL STANDARD BOOK NUMBER | |
| International Standard Book Number | 0275957802 |
| 041 ## - LANGUAGE CODE | |
| Language code of text/sound track or separate title | eng |
| 082 ## - DEWEY DECIMAL CLASSIFICATION NUMBER | |
| Classification number | 320.967 |
| 100 ## - MAIN ENTRY--PERSONAL NAME | |
| Personal name | Conteh-Morgan, Earl |
| 245 #0 - TITLE STATEMENT | |
| Title | Democratization in Africa : the theory and dynamics of political transitions |
| 260 ## - PUBLICATION, DISTRIBUTION, ETC. | |
| Name of publisher, distributor, etc. | Praeger |
| Place of publication, distribution, etc. | Westport, Conn. |
| Date of publication, distribution, etc. | 1997 |
| 300 ## - PHYSICAL DESCRIPTION | |
| Extent | xii, 197 p. : ill. |
| 650 ## - SUBJECT ADDED ENTRY--TOPICAL TERM | |
| Topical term or geographic name entry element | Political participation - Africa, Sub-Saharan. - Democracy -- Africa, Sub-Saharan. - Democratization - Africa, Sub-Saharan. - Africa, Sub-Saharan -- Politics and government. |
| 942 ## - ADDED ENTRY ELEMENTS (KOHA) | |
| Koha item type | Inaugural Lecture |
| Withdrawn status | Lost status | Damaged status | Not for loan | Home library | Current library | Shelving location | Date acquired | Total checkouts | Full call number | Date last seen | Copy number | Price effective from | Koha item type |
|---|---|---|---|---|---|---|---|---|---|---|---|---|---|
| Main Library | Main Library | Open Shelves | 17/08/2021 | 320.967 C. 903 C1 | 29/04/2024 | 1 | 29/04/2024 | Inaugural Lecture |